| 000 | 00000nas 2200000za 4500 |
| 001 | 9.506925 |
| 003 | CaOODSP |
| 005 | 20231123084320 |
| 007 | cr ||||||||||| |
| 008 | 150406d20062006oncar p o f0 a0eng|d |
| 020 | |a0-662-43123-5 |
| 040 | |aCaOODSP|beng |
| 043 | |an-cn--- |
| 086 | 1 |aIT1-2E-PDF|zIT1-2/2006E-PDF |
| 110 | 1 |aCanada. |bForeign Affairs and International Trade Canada. |
| 245 | 10|aOpening doors to the world, Canada's international market access priorities |h[electronic resource]. |
| 260 | |a[Ottawa] : |bForeign Affairs and International Trade Canada. |
| 310 | |aAnnual |
| 362 | 1 |aBegan and ceased with 2006. |
| 500 | |aIssued also in French under title: Ouverture sur le monde, priorités du Canada en matière d'accès aux marchés internationaux. |
| 500 | |aTitle from cover. |
| 500 | |aElectronic serial in PDF format. |
| 690 | 07|aInternational trade|2gcpds |
| 775 | 08|tOuverture sur le monde, priorités du Canada en matière d'accès aux marchés internationaux |w(CaOODSP)9.503320 |
| 780 | 00|tOpening doors to the world, Canada's international market access priorities |w(CaOODSP)9.506924 |
| 785 | 00|tCanada's international market access report |w(CaOODSP)9.506230 |